[Event "Tula Afromeev Memorial"]
[Site "Tula"]
[Date "2004.07.07"]
[Round "1"]
[White "Kuzin, Anton"]
[Black "Savon, Vladimir A"]
[Result "0-1"]
[WhiteElo "2385"]
[BlackElo "2461"]
[PlyCount "104"]
[EventDate "2004.07.07"]
[EventType "tourn"]
[EventRounds "15"]
[EventCountry "RUS"]
[EventCategory "8"]
[SourceTitle "EXT 2006"]
[Source "ChessBase"]
[SourceDate "2005.11.24"]
[SourceVersion "1"]
[SourceVersionDate "2005.11.24"]
[SourceQuality "1"]

1. e4 c5 2. Nf3 e6 3. Nc3 a6 4. d3 Nc6 5. g3 d6 6. Bg2 Nf6 7. O-O Be7 8. a4 O-O
9. Re1 Qc7 10. Bf4 Nd7 11. Bg5 Nde5 12. Bxe7 Nxf3+ 13. Bxf3 Qxe7 14. Bg2 Bd7
15. f4 Rfc8 16. Qd2 Qd8 17. Kh1 h6 18. Rf1 Nd4 19. a5 Bc6 20. Ne2 e5 21. Nxd4
cxd4 22. c4 dxc3 23. bxc3 b5 24. d4 Bb7 25. fxe5 dxe5 26. Qf2 Qe7 27. d5 Rxc3
28. Rad1 Rf8 29. d6 Qd7 30. Qf5 Qxf5 31. exf5 Bxg2+ 32. Kxg2 Rd8 33. Rd5 Rd7
34. Rf3 Rc6 35. Rxe5 Rdxd6 36. Re8+ Kh7 37. Re7 Rc2+ 38. Kh3 f6 39. Rfe3 Rdd2
40. Kg4 Rxh2 41. Ra7 h5+ 42. Kf3 Rhf2+ 43. Ke4 Rc4+ 44. Kd5 Rxf5+ 45. Ke6 Rg5
46. Rxa6 b4 47. Ra8 Rc3 48. Re4 Ra3 49. Rxb4 Raxa5 50. Rxa5 Rxa5 51. Rh4 Kg6
52. g4 Re5+ 0-1

[Event "Tula Afromeev Memorial"]
[Site "Tula"]
[Date "2004.07.09"]
[Round "3"]
[White "Savon, Vladimir A"]
[Black "Umansky, Vladimir"]
[Result "1-0"]
[WhiteElo "2461"]
[BlackElo "2338"]
[PlyCount "103"]
[EventDate "2004.07.07"]
[EventType "tourn"]
[EventRounds "15"]
[EventCountry "RUS"]
[EventCategory "8"]
[SourceTitle "EXT 2006"]
[Source "ChessBase"]
[SourceDate "2005.11.24"]
[SourceVersion "1"]
[SourceVersionDate "2005.11.24"]
[SourceQuality "1"]

1. d4 Nf6 2. c4 g6 3. g3 Bg7 4. Bg2 O-O 5. Nc3 d6 6. Nf3 Nbd7 7. d5 Nc5 8. Be3
e6 9. O-O exd5 10. cxd5 Bd7 11. Rc1 a5 12. h3 Re8 13. Bd4 a4 14. Nd2 b6 15. Nf3
h6 16. Ne1 Kh7 17. Nc2 Nfe4 18. Nxe4 Nxe4 19. Re1 Ra5 20. Nb4 Nc5 21. e4 Qg5
22. h4 Qd8 23. f4 Rb5 24. Bxg7 Kxg7 25. Qd4+ Kh7 26. Bf1 Ra5 27. e5 Ra8 28. Re3
Qe7 29. Rce1 Qf8 30. Be2 Qg7 31. Kf2 Re7 32. Bd1 Rae8 33. Bc2 Kg8 34. Qc3 h5
35. Nd3 Nxd3+ 36. Bxd3 Bg4 37. Bb5 Bd7 38. Bc4 Kh7 39. a3 Bg4 40. Bb5 Bd7 41.
Bd3 Bg4 42. exd6 Qxc3 43. bxc3 Rxe3 44. Rxe3 Rxe3 45. Kxe3 cxd6 46. Bc2 Bd7 47.
Kd4 Kg7 48. Kc4 Kf8 49. Kb4 Ke7 50. Bxa4 Bh3 51. Bc6 Bf1 52. a4 1-0

[Event "Tula Afromeev Memorial"]
[Site "Tula"]
[Date "2004.07.10"]
[Round "5"]
[White "Savon, Vladimir A"]
[Black "Saulin, Dmitri"]
[Result "1-0"]
[WhiteElo "2461"]
[BlackElo "2396"]
[PlyCount "69"]
[EventDate "2004.07.07"]
[EventType "tourn"]
[EventRounds "15"]
[EventCountry "RUS"]
[EventCategory "8"]
[SourceTitle "EXT 2006"]
[Source "ChessBase"]
[SourceDate "2005.11.24"]
[SourceVersion "1"]
[SourceVersionDate "2005.11.24"]
[SourceQuality "1"]

1. d4 Nf6 2. c4 e6 3. Nf3 b6 4. g3 Ba6 5. Nbd2 Bb4 6. Qc2 c5 7. Bg2 Nc6 8. dxc5
Bxc5 9. a3 Bb7 10. O-O Rc8 11. b3 d5 12. Bb2 dxc4 13. Qxc4 O-O 14. Rad1 Qd5 15.
Qh4 Be7 16. Nc4 Qb5 17. Nd6 Qxb3 18. Nxc8 Rxc8 19. Rd2 Nd5 20. Qh5 Nf6 21. Bxf6
Bxf6 22. Ng5 Bxg5 23. Qxg5 h6 24. Qe3 Qa4 25. Rd7 Ba8 26. Rc1 Rf8 27. Rc7 Na5
28. Bxa8 Rxa8 29. Rc8+ Rxc8 30. Rxc8+ Kh7 31. Qd3+ f5 32. Rc7 Nb3 33. Qd7 Qxd7
34. Rxd7 a5 35. Rb7 1-0

[Event "Botvinnik Memorial-A 4th"]
[Site "Satka"]
[Date "2004.08.27"]
[Round "1"]
[White "Karasev, Vladimir I"]
[Black "Savon, Vladimir A"]
[Result "0-1"]
[WhiteElo "2427"]
[BlackElo "2451"]
[PlyCount "80"]
[EventDate "2004.08.27"]
[EventType "tourn"]
[EventRounds "9"]
[EventCountry "RUS"]
[EventCategory "8"]
[SourceTitle "CBM 102 Extra"]
[Source "ChessBase"]
[SourceDate "2004.11.03"]
[SourceVersion "1"]
[SourceVersionDate "2004.11.03"]
[SourceQuality "1"]

1. d4 Nf6 2. Nf3 d6 3. Nc3 d5 4. Bf4 Bf5 5. e3 e6 6. Bd3 c6 7. O-O Bxd3 8. Qxd3
Nbd7 9. e4 dxe4 10. Nxe4 Nxe4 11. Qxe4 Be7 12. c4 O-O 13. Rfd1 Re8 14. Rd3 Qa5
15. Rb3 Qa6 16. Ne5 Rad8 17. Rh3 Nf6 18. Qc2 Rxd4 19. g3 Qa5 20. Nf3 Rd7 21.
Ne5 Rdd8 22. g4 h6 23. Rb3 Rd4 24. Bg3 Nxg4 25. Nxg4 Rxg4 26. Rxb7 Qc5 27. b4
Rxc4 28. bxc5 Rxc2 29. Bd6 Bxd6 30. cxd6 Rd8 31. Rd1 Rxa2 32. Rc7 Ra6 33. Rd3
Ra5 34. Rxc6 Rd5 35. Rxd5 exd5 36. Kf1 Kf8 37. Ke2 Ke8 38. Kd3 Kd7 39. Rc7+ Ke6
40. Re7+ Kf6 0-1

[Event "Botvinnik Memorial-A 4th"]
[Site "Satka"]
[Date "2004.08.30"]
[Round "4"]
[White "Savon, Vladimir A"]
[Black "Zaitsev, Igor A"]
[Result "1-0"]
[WhiteElo "2451"]
[BlackElo "2413"]
[PlyCount "69"]
[EventDate "2004.08.27"]
[EventType "tourn"]
[EventRounds "9"]
[EventCountry "RUS"]
[EventCategory "8"]
[SourceTitle "CBM 102 Extra"]
[Source "ChessBase"]
[SourceDate "2004.11.03"]
[SourceVersion "1"]
[SourceVersionDate "2004.11.03"]
[SourceQuality "1"]

1. d4 Nf6 2. c4 g6 3. Nc3 Bg7 4. Nf3 d6 5. g3 O-O 6. Bg2 Nc6 7. O-O Bd7 8. b3
e5 9. dxe5 dxe5 10. Ba3 Re8 11. Ne1 e4 12. Nc2 Ng4 13. Nd5 Nce5 14. Qd2 c6 15.
Nf4 Nf6 16. Rad1 g5 17. Nh3 h6 18. f4 exf3 19. exf3 Bxh3 20. Bxh3 Qxd2 21. Rxd2
Rad8 22. Rxd8 Rxd8 23. Bf5 h5 24. Bc1 g4 25. fxg4 hxg4 26. Bf4 Ng6 27. Bxg6
fxg6 28. Bg5 Rf8 29. Kg2 Ne4 30. Rxf8+ Bxf8 31. Be3 c5 32. Bf4 g5 33. Bc1 Nc3
34. a3 Ne2 35. Bxg5 1-0